01850cam a22004215a 45000010009000000050017000090080041000260100017000670150019000840160018001030200031001210200028001520350024001800400074002040820023002781000030003012450117003312460082004482500012005302600038005423000035005804900030006155000024006455050248006696500061009176500065009786510010010436530026010536550024010797000029011037000036011329420017011689990017011853360026012023370028012283380027012569520145012831563779320240818093011.0090225t2009 nyua fr 001 0 eng d a 2009007879 aGBA9223042bnb7 a0149204332Uk a9780071615457 (alk. paper) a0071615458 (alk. paper) a(OCoLC)ocn244060713 aDLCbengcDLCdYDXdBTCTAdBAKERdYDXCPdORXdCUSdVP@dUKMdUBYdDLC04a515.63076bLIP2221 aLipschutz, Seymour.9266310aVector analysis and an introduction to tensor analysis /cSeymour Lipschutz, Dennis Spellman, Murray R. Spiegel.33aSchaum’s outlines of vector analysis and an introduction to tensor analysis a2nd ed. aNew York :bMcGraw-Hill,cc.2009. aviii, 238 p. :bill. ;c28 cm.0 aSchaum’s outline series aIndex : p. 235-238.0 aVectors and scalars -- The dot and cross product -- Vector differentiation -- Gradient, divergence, curl -- Vector integration -- Divergence theorem, Stokes' theorem, and related integral theorems -- Curvilinear coordinates -- Tensor analysis. 7aVector analysisvProblems, exercises, etc.2BUEsh941260 7aCalculus of tensorsvProblems, exercises, etc.2BUEsh941261 2BUEsh bENGGENcSeptember2016 vReading book9342321 aSpiegel, Murray R.926171 aSpellman, Dennis,d1945-941262 2ddchRDA-MOD c22420d22392 2rdacontentatextbtxt aunmediated2rdamediabn avolumebnc2rdacarrier 00102ddc40708BaccahaMAINbMAINc1STd2016-09-27ePurchaseg260.00l2m11o515.63076 LIPp000033722r2025-07-15 00:00:00s2024-09-22yBB